000 00810nam a2200241 a 4500
001 000035026
005 20260203124139.0
008 111024s1953 mx 000 0 spa d
040 _aDO-SdBNP
_bspa
_cBNPHU
082 _a111.1
_bJ39f, 1953
100 1 _aJaspers, Karl
_947835
245 1 3 _aLa filosofia desde el punto de vista de la existencia /
_cKarl Jaspers ; truducción.
250 _a2a ed.
260 _aBuenos Aires :
_bFondo de Cultura Económica,
_c1953.
300 _a151 p. ;
_c18 cm.
490 1 _aBreviarios. Fondo de Cultura Económica
_v77
600 1 4 _aJASPERS, KARL,
_d1883-1969
_960652
650 0 _aFilosofía
_9813
650 0 _aExistencialismo
_936017
830 0 _aBreviarios. Fondo de Cultura Económica
_v77
_960210
910 _aValidado. Control de calidad MFF
049 _aBNPD
999 _c34517
_d34517